GNX - Kendrick Lamar - Statistics

General Stats
  • This quiz has been taken 572 times
  • The average score is 10 of 12
Answer Stats
Track # Answer % Correct
3 luther
93%
2 squabble up
91%
7 tv off
90%
11 gnx
89%
6 reincarnated
85%
1 wacced out murals
85%
12 gloria
84%
8 dodger blue
80%
9 peekaboo
78%
10 heart pt. 6
77%
4 man at the garden
77%
5 hey now
73%
No matching quizzes found
Score Distribution
Percent of People with Each Score
Percentile by Number Answered
Your Score History
You have not taken this quiz